| 000 | 00446nam a2200169Ia 4500 | ||
|---|---|---|---|
| 005 | 20250424120257.0 | ||
| 008 | 250424s9999 xx 000 0 und d | ||
| 022 | _a11159618 | ||
| 050 | _aTA 1 .J68/ | ||
| 245 | 0 | _aJournal of engineering science and applications [JESA] | |
| 260 | _aEkpoma, Nigeria | ||
| 260 | _bPon publishers Ltd. | ||
| 260 | _c2016 | ||
| 300 | _a192 p. :ill. 25 cm. | ||
| 650 | _aEngineering--Periodicals. | ||
| 942 | _cSR | ||
| 999 |
_c38395 _d38395 |
||